1960s Literature Match Quiz Stats

 Plays Quiz Updated Apr 21, 2016

Challenge
Share
Tweet
Score 0/20 Timer 05:00
1 Play Today
% Correct
Charlie and the Chocolate Factory
95.3%
Catch-22
91.5%
The Godfather
90%
I Know Why the Caged Bird Sings
89.1%
In Cold Blood
84.6%
The Bell Jar
84.2%
A Clockwork Orange
83.4%
One Day in the Life of Ivan Denisovich
82.1%
One Hundred Years of Solitude
80%
The Feminine Mystique
77.2%
% Correct
Cat's Cradle
74.1%
Dune
72%
Portnoy's Complaint
62.7%
Rosencrantz and Guildenstern Are Dead
60.1%
Silent Spring
58.6%
Herzog
44.8%
The Golden Notebook
41.1%
A House for Mr Biswas
39.6%
Pale Fire
39.5%
No Longer at Ease
31%

You're not logged in!

Compare scores with friends on all Sporcle quizzes.
OR
Log In

You Might Also Like...

Show Comments

Extras

Top Quizzes Today


Score Distribution

Your Account Isn't Verified!

In order to create a playlist on Sporcle, you need to verify the email address you used during registration. Go to your Sporcle Settings to finish the process.

Report this User

Report this user for behavior that violates our Community Guidelines.

Details: